000 00594nam a2200229Ia 4500
003 OSt
005 20221007081255.0
006 a|||||r|||| 00| 0
007 ta
008 221006b |||||||| |||| 00| 0 eng d
024 _a14,307
037 _cTextual
040 _aFLL
_cFLL
_beng
041 _2eng
_aeng
082 _aW87, K9
100 _aWalter E.V. Au.
_9696796
245 0 _aTerror and resistance
260 _aNew York
_bOxford university press U.S.A.
_c1969
300 _a385p
_ccm.
942 _hW87, K9
_cTEXL
_2CC
999 _c1162606
_d1162606